000 00801nam a2200253Ia 4500
003 OSt
005 20220923220402.0
006 a|||||r|||| 00| 0
007 ta
008 220922b |||||||| |||| 00| 0 hin d
024 _a186,275
037 _cTextual
040 _aARTS
_cARTS
_bhin
041 _2hin
_ahin
082 _aY, 152M4
100 _aजैन, शशी के0
_9164148
245 0 _aसैद्वान्तिक समाजशास्त्र
246 _aSaidvāntik samājashāstra
260 _aजयपुर
_b कालेज बुक डिपो
_c1984
300 _a330 पृ.
_ccm.
650 _aभारतीय-लोक साहित्य
942 _hY, 152M4
_cTEXL
_2CC
999 _c339520
_d339520